| 000 | 01281nam a2200205Ia 4500 | ||
|---|---|---|---|
| 003 | Ost | ||
| 005 | 20260507075109.0 | ||
| 008 | 260507s9999||||xx |||||||||||||| ||und|| | ||
| 040 | _cfsecg | ||
| 041 | _aara | ||
| 082 | _a330 | ||
| 100 |
_aابو الفتوح، على فضالة _eمؤلف |
||
| 245 | 0 |
_aالهياكل التمويلية / _c على فضالة ابو الفتوح |
|
| 260 |
_aالقاهرة: _bدار الكتب العلمية للنشر والتوزيع, _c1994 |
||
| 300 |
_a387 صفحة؛ _bجداول _c23 سم |
||
| 490 | _aسلسلة الكتب العلمية في المحاسبة وادارة الأموال | ||
| 520 | _aفي هذا الكتاب تجد : توضيح العلاقات العضوية بين الخصصة وصحة الهياكل التمولية تتيح فحص وتشخيص وعلاج وتقويم ادارة الهياكل التمولية استخدام القوائم النقدية في التحديد والتخطيط والتنظيم عرض المؤشرات المالية والاقتصادية والاحصائية والفنية لتقويم الاداء تبيان أثار والقرارات على اختلال أو صحة الهياكل التمويلية . | ||
| 653 | _aهياكل تموينية | ||
| 942 | _cكتاب | ||
| 999 |
_c42859 _d42859 |
||